[Event "Corus B"]
[Site "Wijk aan Zee NED"]
[Date "2006.01.22"]
[Round "8"]
[White "Vescovi, G."]
[Black "Almasi, Z."]
[Result "0-1"]
[WhiteElo "2633"]
[BlackElo "2646"]
[PlyCount "72"]
[EventDate "2006.01.14"]

1. e4 e5 2. Nf3 Nc6 3. Bb5 a6 4. Ba4 Nf6 5. O-O Be7 6. Re1 b5 7. Bb3 O-O 8. h3
Bb7 9. d3 d6 10. a3 Na5 11. Ba2 c5 12. Nbd2 Bc8 13. Nf1 Be6 14. Bg5 Ne8 15. Bd2
Nc6 16. Ne3 Bxa2 17. Rxa2 Nc7 18. c4 Rb8 19. cxb5 axb5 20. b4 Qd7 21. Qb3 Rfd8
22. Rc1 Bf8 23. Bc3 Re8 24. Rac2 Ne6 25. Nd5 f6 26. Qb1 Ne7 27. Qa2 Nxd5 28.
Qxd5 Qf7 29. Bd2 Ra8 30. Rc3 Ra4 31. Qc6 Rb8 32. bxc5 dxc5 33. Be3 Nd4 34. Bxd4
cxd4 35. R3c2 Rxa3 36. Rb1 b4 0-1

[Event "Corus B"]
[Site "Wijk aan Zee NED"]
[Date "2006.01.22"]
[Round "8"]
[White "Jobava, Ba"]
[Black "L'Ami, E."]
[Result "1/2-1/2"]
[WhiteElo "2614"]
[BlackElo "2550"]
[PlyCount "33"]
[EventDate "2006.01.14"]

1. c4 Nf6 2. Nc3 d5 3. d4 c6 4. Nf3 e6 5. g3 dxc4 6. Bg2 b5 7. O-O Bb7 8. e4
Be7 9. Re1 Nbd7 10. Qc2 a6 11. Bf4 O-O 12. Rad1 Re8 13. h3 Qb6 14. Be3 Qc7 15.
Bf4 Qb6 16. Be3 Qc7 17. Bf4 1/2-1/2

[Event "Corus B"]
[Site "Wijk aan Zee NED"]
[Date "2006.01.22"]
[Round "8"]
[White "Stellwagen, D."]
[Black "Lahno, Kateri"]
[Result "1-0"]
[WhiteElo "2573"]
[BlackElo "2500"]
[PlyCount "77"]
[EventDate "2006.01.14"]

1. e4 e5 2. Nf3 Nf6 3. Nxe5 d6 4. Nf3 Nxe4 5. d4 d5 6. Bd3 Nc6 7. O-O Be7 8.
Re1 Bg4 9. c3 f5 10. Nbd2 O-O 11. Qb3 Na5 12. Qc2 Bd6 13. Ne5 Bh5 14. Ndf3 c5
15. dxc5 Bxc5 16. Be3 Bd6 17. Qa4 Kh8 18. Bd4 Qc7 19. Qd7 Qxd7 20. Nxd7 Rfd8
21. Nfe5 Nc4 22. f3 Nxb2 23. Bc2 Bxe5 24. Nxe5 Nd6 25. Rab1 Nbc4 26. Nxc4 dxc4
27. Re7 Bf7 28. Be5 Kg8 29. Rd1 Ne8 30. Rxb7 Rxd1+ 31. Bxd1 Kf8 32. Bc2 Bd5 33.
Rb5 Be6 34. Ra5 g6 35. Ba4 Ke7 36. Bc6 Rd8 37. Rxa7+ Bd7 38. Kf2 Ke6 39. Rxd7
1-0